[Event "Foment Martinenc op-B 22nd"]
[Site "Barcelona"]
[Date "2022.04.30"]
[Round "2"]
[White "Abreu Guerrero, J Antoni"]
[Black "Guerrero Moreno, Ainoha"]
[Result "0-1"]
[WhiteElo "1638"]
[BlackElo "1402"]
[PlyCount "36"]
[EventDate "2022.04.23"]
[EventType "swiss"]
[EventRounds "9"]
[EventCountry "ESP"]
[SourceTitle "EXT 2023"]
[Source "ChessBase"]
[SourceDate "2022.10.05"]
[SourceVersion "1"]
[SourceVersionDate "2022.10.05"]
[SourceQuality "1"]

1. e4 e5 2. Nf3 Nc6 3. d4 exd4 4. Bc4 Bc5 5. c3 Nf6 6. 0-0 Nxe4 7. cxd4 Bb6 8. Re1 d5 9. Bb5 0-0 10. Nc3 Re8 11. Bg5 f6 12. Bh4 Bg4 13. Qb3 Bxf3 14. gxf3 Nxd4 15. Qd1 Nxc3 16. Rxe8+ Qxe8 17. Bxe8 Nxd1 18. Bh5 Nxb2 0-1

[Event "Mollet del Valles op 4th"]
[Site "Mollet del Valles"]
[Date "2016.10.28"]
[Round "5"]
[White "Abreu Guerrero, J Antoni"]
[Black "Sanz Ogaya, Mario"]
[Result "0-1"]
[WhiteElo "1822"]
[BlackElo "2023"]
[PlyCount "128"]
[EventDate "2016.09.30"]
[EventType "swiss"]
[EventRounds "9"]
[EventCountry "ESP"]
[SourceTitle "EXT 2018"]
[Source "ChessBase"]
[SourceDate "2017.10.13"]
[SourceVersion "1"]
[SourceVersionDate "2017.10.13"]
[SourceQuality "1"]

1. e4 c5 2. Nc3 Nc6 3. Bb5 Nd4 4. Bc4 g6 5. Nge2 Bg7 6. a4 e6 7. 0-0 Ne7 8. Nxd4 cxd4 9. Nb1 0-0 10. d3 d5 11. exd5 Nxd5 12. Nd2 b6 13. Nf3 Bb7 14. Re1 Qc7 15. Bd2 a6 16. Qc1 Rac8 17. Bh6 Qc5 18. Bxg7 Kxg7 19. Ne5 Nf6 20. Qg5 Rc7 21. Qh4 b5 22. axb5 axb5 23. Bb3 Rfc8 24. g4 Bd5 25. Qg3 Bxb3 26. cxb3 Qb4 27. h4 Nd5 28. g5 Qxb3 29. Ng4 Kf8 30. Qe5 Qxd3 31. Qd6+ Kg7 32. Qe5+ Kf8 33. Qd6+ Ne7 34. Qe5 Nf5 35. Nf6 Qf3 36. Nxh7+ Ke7 37. Nf6 Rc5 38. Ra7+ Kf8 39. Nd7+ Kg8 40. Nxc5 Qg4+ 41. Kf1 Qh3+ 42. Ke2 d3+ 43. Kd2 Nxh4 44. Rxf7 Kxf7 45. Qxe6+ Qxe6 46. Rxe6 Rxc5 47. Rf6+ Kg7 48. Kxd3 Rxg5 49. Rb6 Nf3 50. Ke4 Rf5 51. b4 Ne1 52. Rc6 Rxf2 53. Rc5 Kf6 54. Rxb5 Re2+ 55. Kf4 Nd3+ 56. Kf3 Re6 57. Kg3 Ne5 58. Kf4 Nc4 59. Rc5 Nd6 60. b5 Nb7 61. Rc6 g5+ 62. Kg4 Rxc6 63. bxc6 Nd6 64. c7 Kg6 0-1

[Event "Mollet del Valles op 4th"]
[Site "Mollet del Valles"]
[Date "2016.10.14"]
[Round "3"]
[White "Abreu Guerrero, J Antoni"]
[Black "Nicomedes Carmona, Jose"]
[Result "1/2-1/2"]
[WhiteElo "1822"]
[BlackElo "1691"]
[PlyCount "36"]
[EventDate "2016.09.30"]
[EventType "swiss"]
[EventRounds "9"]
[EventCountry "ESP"]
[SourceTitle "EXT 2018"]
[Source "ChessBase"]
[SourceDate "2017.10.13"]
[SourceVersion "1"]
[SourceVersionDate "2017.10.13"]
[SourceQuality "1"]

1. e4 c5 2. Nc3 e6 3. f4 b6 4. Nf3 Bb7 5. d3 Qc7 6. g3 a6 7. Bg2 Nf6 8. 0-0 Be7 9. h3 Nc6 10. e5 Ng8 11. a3 d6 12. exd6 Bxd6 13. Ne4 Nge7 14. Re1 Nf5 15. Kh2 Nfd4 16. Nxd6+ Qxd6 17. Ne5 0-0 18. c3 Nf5 1/2-1/2

[Event "Mollet del Valles op 4th"]
[Site "Mollet del Valles"]
[Date "2016.10.07"]
[Round "2"]
[White "Garrido Sanchez, Daniel"]
[Black "Abreu Guerrero, J Antoni"]
[Result "1/2-1/2"]
[WhiteElo "1673"]
[BlackElo "1822"]
[PlyCount "42"]
[EventDate "2016.09.30"]
[EventType "swiss"]
[EventRounds "9"]
[EventCountry "ESP"]
[SourceTitle "EXT 2018"]
[Source "ChessBase"]
[SourceDate "2017.10.13"]
[SourceVersion "1"]
[SourceVersionDate "2017.10.13"]
[SourceQuality "1"]

1. e4 Nc6 2. Nf3 d6 3. Be2 g6 4. 0-0 Bg7 5. d4 Bg4 6. c3 Nf6 7. Qb3 Rb8 8. Ng5 0-0 9. Bxg4 Nxg4 10. Qd1 Nf6 11. Nd2 e5 12. Ngf3 Re8 13. Qc2 exd4 14. Nxd4 Ne5 15. Re1 Ned7 16. N2f3 d5 17. exd5 Rxe1+ 18. Nxe1 Nxd5 19. Nef3 N7f6 20. Bg5 Qd6 21. Re1 c6 1/2-1/2

[Event "Santa Eulalia de Roncana 3rd"]
[Site "Santa Eulalia de Roncana"]
[Date "2009.11.21"]
[Round "8.24"]
[White "Abreu Guerrero, J Antoni"]
[Black "Argemi Camp, Jaume"]
[Result "0-1"]
[WhiteElo "1843"]
[BlackElo "1635"]
[PlyCount "46"]
[EventDate "2009.10.03"]
[EventType "swiss"]
[EventRounds "9"]
[EventCountry "ESP"]
[SourceTitle "EXT 2024"]
[Source "ChessBase"]
[SourceDate "2023.10.10"]
[SourceVersion "1"]
[SourceVersionDate "2023.10.10"]
[SourceQuality "1"]

1. e4 e5 2. Nf3 d6 3. Bc4 g6 4. d4 Bg7 5. dxe5 dxe5 6. Bxf7+ Ke7 7. Bg5+ Nf6 8. Qxd8+ Rxd8 9. Nxe5 h6 10. Bf4 g5 11. Bg3 Nxe4 12. Bh5 Nxg3 13. Ng6+ Kd6 14. hxg3 Bxb2 15. 0-0 Ke6 16. Na3 Bxa1 17. Rxa1 Kf6 18. Re1 c6 19. Ne5 Rd5 20. f4 g4 21. Bxg4 Bxg4 22. Nxg4+ Kg6 23. Re6+ Kf5 0-1

[Event "Canovelles op-A"]
[Site "Canovelles"]
[Date "1999.??.??"]
[Round "1"]
[White "Abreu Guerrero, J Antoni"]
[Black "Rodriguez Barranco, Miquel A"]
[Result "0-1"]
[WhiteElo "1955"]
[BlackElo "2070"]
[PlyCount "60"]
[EventDate "1999.??.??"]
[EventType "swiss"]
[EventRounds "9"]
[EventCountry "ESP"]
[SourceTitle "EXT 2000"]
[Source "ChessBase"]
[SourceDate "1999.11.16"]
[SourceVersion "1"]
[SourceVersionDate "1999.11.16"]
[SourceQuality "1"]

1. e4 c5 2. Nf3 d6 3. d4 cxd4 4. Nxd4 Nf6 5. Nc3 a6 6. Be2 e6 7. Bg5 Be7 8. 0-0 0-0 9. Bf3 Qc7 10. g3 Nc6 11. Nxc6 bxc6 12. Bg2 Rb8 13. Rb1 Rd8 14. Ne2 a5 15. c4 Ba6 16. Qc2 Rb4 17. b3 a4 18. Bd2 axb3 19. axb3 Rbb8 20. Ra1 Qc8 21. f4 d5 22. Ba5 Re8 23. cxd5 exd5 24. Rfc1 Bxe2 25. Qxe2 dxe4 26. Kh1 Rxb3 27. Bxe4 Nxe4 28. Qxe4 Bf6 29. Rxc6 Qa8 30. Bc3 Rb1+ 0-1

[Event "Canovelles op-A"]
[Site "Canovelles"]
[Date "1999.??.??"]
[Round "5"]
[White "Abreu Guerrero, J Antoni"]
[Black "Tort Cuesta, Estanis"]
[Result "1/2-1/2"]
[WhiteElo "1955"]
[BlackElo "1985"]
[PlyCount "87"]
[EventDate "1999.??.??"]
[EventType "swiss"]
[EventRounds "9"]
[EventCountry "ESP"]
[SourceTitle "EXT 2000"]
[Source "ChessBase"]
[SourceDate "1999.11.16"]
[SourceVersion "1"]
[SourceVersionDate "1999.11.16"]
[SourceQuality "1"]

1. e4 e6 2. d4 d5 3. Nc3 Bb4 4. e5 c5 5. a3 Bxc3+ 6. bxc3 Ne7 7. Nf3 Qc7 8. Be2 Bd7 9. 0-0 Ba4 10. Bg5 Nbc6 11. Qd2 0-0-0 12. Rab1 Rdg8 13. Rb2 c4 14. Rfb1 b6 15. Be3 Nf5 16. Bf4 h6 17. h3 g5 18. Bh2 g4 19. hxg4 Rxg4 20. Bf4 Qe7 21. Nh2 Rgg8 22. Ra2 h5 23. Nf3 Nh4 24. Nxh4 Qxh4 25. Bg3 Qe4 26. Bf3 Qg6 27. Bh4 Kd7 28. g3 Ne7 29. Kg2 Nf5 30. Rh1 Nxh4+ 31. Rxh4 Rh7 32. Ra1 Rgh8 33. Rah1 Bxc2 34. Qe2 Qd3 35. Qxd3 cxd3 36. Bd1 Kc6 37. Bxc2 dxc2 38. Rc1 Kb5 39. Rxc2 Ka4 40. Rh1 Kxa3 41. Rb1 Rb8 42. Rb4 a5 43. Rb5 Rhh8 44. Rc1 1/2-1/2

[Event "Centelles op B"]
[Site "Centelles"]
[Date "1996.09.14"]
[Round "2"]
[White "Farras Bigas, Jaume"]
[Black "Abreu Guerrero, J Antoni"]
[Result "0-1"]
[WhiteElo "1790"]
[BlackElo "1910"]
[PlyCount "38"]
[EventDate "1996.09.07"]
[EventType "swiss"]
[EventRounds "8"]
[EventCountry "ESP"]
[SourceTitle "EXT 2003"]
[Source "ChessBase"]
[SourceDate "2002.11.25"]
[SourceVersion "1"]
[SourceVersionDate "2002.11.25"]
[SourceQuality "1"]

1. e4 e5 2. Nf3 Nc6 3. Bc4 Be7 4. c3 Nf6 5. Qc2 0-0 6. d4 exd4 7. cxd4 d5 8. exd5 Nxd5 9. Be3 Bg4 10. Nbd2 Ndb4 11. Qe4 Bh5 12. 0-0 Bg6 13. Qg4 Bf6 14. Nb3 Nd5 15. Nfd2 Nb6 16. Rac1 Nxc4 17. Nxc4 Qd5 18. Rfd1 Bh5 19. Qg3 Bxd1 0-1